How the Solow Growth Model Changes with Effective Use of Natural Resources

Gespeichert in:
Bibliographische Detailangaben
1. Verfasser: Gardoňová, Kristína
Format: Buchkapitel
Sprache:Englisch
Schlagworte:
Tags: Tag hinzufügen
Keine Tags, Fügen Sie das erste Tag hinzu!

MARC

LEADER 00000naa a2200000 4500
001 0227141
005 20240502083610.1
041 0 |a eng 
044 |a US 
245 1 0 |a How the Solow Growth Model Changes with Effective Use of Natural Resources  |c Kristína Gardoňová 
610 2 0 |a modely rastu 
610 2 0 |a rast hospodársky 
610 2 0 |a zdroje prírodné 
610 2 0 |a pokrok technologický 
610 2 0 |a prostredie životné 
100 1 |a Gardoňová, Kristína